[Event "Las Palmas Insular-chT Pref-B"]
[Site "Las Palmas"]
[Date "2014.11.22"]
[Round "1.2"]
[White "Santiago Llanes, Jose Juan"]
[Black "Navarro Cabrera, Agustin"]
[Result "1-0"]
[WhiteElo "1698"]
[BlackElo "1802"]
[PlyCount "173"]
[EventDate "2014.11.22"]
[EventType "team-tourn"]
[EventRounds "14"]
[EventCountry "ESP"]
[SourceTitle "EXT 2016"]
[Source "ChessBase"]
[SourceDate "2015.10.08"]
[SourceVersion "1"]
[SourceVersionDate "2015.10.08"]
[SourceQuality "1"]
[WhiteTeam "Los Llanos Telde"]
[BlackTeam "La Caja de Canarias II"]
[WhiteTeamCountry "ESP"]
[BlackTeamCountry "ESP"]

1. d4 Nf6 2. Nf3 g6 3. Bf4 Bg7 4. e3 d6 5. Be2 c5 6. c3 0-0 7. h3 cxd4 8. exd4 d5 9. Nbd2 Nbd7 10. 0-0 a6 11. a4 b6 12. Ne5 Nxe5 13. Bxe5 Bd7 14. Re1 b5 15. axb5 axb5 16. Qb3 Qb6 17. Bxf6 Bxf6 18. Qxd5 Bc6 19. Qb3 Qb7 20. Bf3 Bxf3 21. Nxf3 Rab8 22. Ne5 e6 23. Nd3 Rfd8 24. Nc5 Qe7 25. Nxe6 fxe6 26. Rxe6 Qf7 27. Ra7 Rb7 28. Rxb7 Qxb7 29. Rxf6+ Kg7 30. Rf3 Re8 31. Re3 Rxe3 32. fxe3 Qe4 33. Kh1 Qxe3 34. Qd1 Qe6 35. d5 Qd6 36. b3 Kg8 37. c4 bxc4 38. bxc4 Kf7 39. Qd4 h5 40. c5 Qg3 41. d6 h4 42. Qd5+ Kg7 43. Qb7+ Kh6 44. Qf3 Qe1+ 45. Kh2 Qe5+ 46. g3 hxg3+ 47. Qxg3 Qe2+ 48. Kg1 Qd1+ 49. Kg2 Qd5+ 50. Kf2 Qd2+ 51. Kf3 Qc3+ 52. Kf2 Qd2+ 53. Kf1 Qd1+ 54. Qe1 Qd3+ 55. Qe2 Qxh3+ 56. Ke1 Qg3+ 57. Kd2 Qh4 58. Qe3+ g5 59. Qe6+ Kh7 60. Qe7+ Kg6 61. Qe8+ Kg7 62. Qe5+ Kg6 63. Kd3 Qh3+ 64. Kd4 Qd7 65. Qe4+ Kh5 66. Qh1+ Kg6 67. Qe4+ Kh5 68. Kd5 Qb5 69. Qe5 Kh4 70. Qh2+ Kg4 71. Qg2+ Kh4 72. Qf2+ Kh5 73. Qf7+ Kg4 74. Qe6+ Kh4 75. d7 Qd3+ 76. Kc6 Qa6+ 77. Kd5 Qd3+ 78. Ke5 Qg3+ 79. Kf6 Qf3+ 80. Qf5 Qc3+ 81. Ke7 Qg7+ 82. Kd8 Qg8+ 83. Ke7 Qg7+ 84. Kd6 Qd4+ 85. Kc7 Qg7 86. Kc8 Qg8+ 87. d8Q 1-0

[Event "Las Palmas Insular-chT Primera-B"]
[Site "Las Palmas"]
[Date "2014.02.08"]
[Round "9.3"]
[White "Dominguez Diaz, Nestor"]
[Black "Navarro Cabrera, Agustin"]
[Result "1-0"]
[WhiteElo "1811"]
[BlackElo "1821"]
[PlyCount "83"]
[EventDate "2013.11.09"]
[EventType "team-tourn"]
[EventRounds "14"]
[EventCountry "ESP"]
[SourceTitle "EXT 2015"]
[Source "ChessBase"]
[SourceDate "2014.11.20"]
[SourceVersion "1"]
[SourceVersionDate "2014.11.20"]
[SourceQuality "1"]
[WhiteTeam "Panaderia Pulido San Mateo "]
[BlackTeam "La Caja de Canarias "]
[WhiteTeamCountry "ESP"]
[BlackTeamCountry "ESP"]

1. e4 Nf6 2. d3 d5 3. Nd2 Nc6 4. Ngf3 Bg4 5. h3 Bxf3 6. Qxf3 e6 7. g4 Nb4 8. Qd1 dxe4 9. dxe4 Bc5 10. Bg2 Qd4 11. 0-0 Qd7 12. a3 Nc6 13. c3 0-0-0 14. Qe2 h5 15. g5 Ng4 16. b4 Bxf2+ 17. Rxf2 Nxf2 18. Qxf2 Ne5 19. Qxa7 Nc6 20. Qa8+ Nb8 21. e5 Qb5 22. Bf3 Qxe5 23. Qxb7+ Kd7 24. Ne4 Ke7 25. Be3 f5 26. Bc5+ Kf7 27. Nd6+ Kg6 28. Qxc7 Qg3+ 29. Bg2 Rd7 30. Qb6 Rhd8 31. Rd1 f4 32. Qb5 f3 33. Qd3+ Kxg5 34. Qe3+ Kg6 35. Qxe6+ Kh7 36. Qe4+ g6 37. Qxf3 Qe5 38. Rd5 Qe1+ 39. Kh2 Na6 40. Rxh5+ Kg7 41. Bd4+ Kg8 42. Rh8# 1-0